banner-ar

CAPITAL / (Record no. 14021)

MARC details
000 -الفاتح
حقل البيانات ثابتة الطول 00570nam a2200193Ia 4500
005 - وقت وتاريخ اخر تعامل مع التسجيلة
رقم الضبط 20240530100110.0
008 - عناصر البيانات ثابتة الطول - معلومات عامة
حقل البيانات ثابتة الطول 140319s9999 xx 000 0 eng d
040 ## - مصدر الفهرسة
وكالة الفهرسة الأصلية GCL /
وكالة النسخ GCL
082 04 - رقم تصنيف ديوى العشرى
رقم التصنيف 332.041
رقم المادة M C
100 1# - المدخل الرئيسى - إسم شخصى
الإسم الشخصى MARX, KARL
245 10 - بيان العنوان
العنوان CAPITAL /
بيان المسئوليه,etc MARX, KARL
رقم الجزء/قسم العمل VO 1 :
اسم جزء/قسم العمل A CRITICAL ANALYSIS OF CAPITALIST PRODUCTION .
رقم الجزء/قسم العمل VO 2 :
اسم جزء/قسم العمل A CRITIQUE OF POLITICAL ECONOMY .
260 ## - PUBLICATION, DISTRIBUTION, ETC. (IMPRINT)
تاريخ النشر أو التوزيع 1966
650 04 - المدخل الاضافى بالموضوع-مصطلح موضوعى
مصطلح موضوعي POLITICAL ECONOMY
650 04 - المدخل الاضافى بالموضوع-مصطلح موضوعى
مصطلح موضوعي MARX, KARL
650 04 - المدخل الاضافى بالموضوع-مصطلح موضوعى
مصطلح موضوعي ECONOMICS
650 04 - المدخل الاضافى بالموضوع-مصطلح موضوعى
مصطلح موضوعي CAPITALISM
942 ## - عناصر المدخل الإضافي( كوها)
مصدر التصنيف او مخطط الترفيف Dewey Decimal Classification
Koha [default] item type كتاب
260 ## - PUBLICATION, DISTRIBUTION, ETC. (IMPRINT)
-- [S.N] :
-- PROGRESS PUBLISHERS ،
Holdings
حالة التراجع حالة الفقد حالة تلف ليس للاعارة المكان المؤقت الموقع الحالى تاريخ الاكتساب اجمالي اﻻعارات رقم الطلب الباركود تاريخ اخر مشاهدة تاريخ تفعيل السعر نوع وعاء كوها مصدر التصنيف او خطة الترفيف
        مكتبة القاهرة الكبرى مكتبة القاهرة الكبرى 03/26/2014   332.041\M C 26461 03/26/2014 03/26/2014 كتاب  
        مكتبة القاهرة الكبرى مكتبة القاهرة الكبرى 08/13/2022   332.041\M C 168219 08/13/2022 08/13/2022 كتاب ddc
        مكتبة القاهرة الكبرى مكتبة القاهرة الكبرى 08/20/2022   332.041\M C 168270 08/20/2022 08/20/2022 كتاب ddc

Powered By

EGPV